| 000 | 01283nam a22003017a 4500 | ||
|---|---|---|---|
| 003 | EG-GICUC | ||
| 005 | 20260121101356.0 | ||
| 008 | 251128s1978 ua ab||fr|||| 000 0 ara d | ||
| 040 |
_a EG-GICUC _bara _c EG-GICUC _d EG-GICUC _erda |
||
| 041 | 0 | _aara | |
| 082 | 0 | 4 |
_221 _a341.3060 _bم ح . ع |
| 092 | 0 | 4 | _221 |
| 099 | _aLaw1 11 341.3060 م ح . ع 1978 | ||
| 100 | 0 |
_aمحمود خيري عيسى _eمؤلف. |
|
| 245 | 1 | 2 |
_aالعلاقات العربية الأفريقية : _bدراسة تحليلية في أبعادها المختلفة / _cمحمود خيري عيسى. |
| 264 | 1 |
_aالقاهرة : _bالمنظمة العربية للتربية والثقافة والعلوم، _c1978. |
|
| 300 |
_a613 : صفحة _bإيضاحيات، خرائط ؛ _c24 سم. |
||
| 336 |
_2rda content _atext |
||
| 337 |
_2rda media _aComputer |
||
| 338 |
_2rda carrier _aOnline Resource |
||
| 504 | _aببليوجرافيا : صفحات من 571-611. يشتمل على إرجاعات ببليوجرافية. | ||
| 546 | _aالنص باللغة العربية | ||
| 650 | 1 | 4 |
_aالعلاقات الدولية _zالعربية _zإفريقيا _2qrmak |
| 651 | 1 | _2qrmak | |
| 856 | 4 | 0 | _uhttps://fll.law.cu.edu.eg/fulltext/bks/B11-05886.pdf |
| 905 | _a78 | ||
| 942 |
_2ddc _cBK _e21 _n0 |
||
| 999 |
_c46750 _d46750 |
||